Real name: Actors/Actresses - Statistics

General Stats
  • This quiz has been taken 19 times
  • The average score is 4 of 30
Answer Stats
'Fame name' Real name % Correct
Angelina Jolie Angelina Voight
71%
Charlie Sheen Carlos Estévez
71%
Michael Keaton Michael Douglas
36%
Tom Cruise Thomas Mapother IV
36%
John Wayne Marion Morrison
29%
Woody Allen Allan Konigsberg
21%
Cary Grant Archibald Leach
21%
Whoopi Goldberg Caryn Johnson
14%
Marilyn Monroe Norma Mortenson
14%
Albert Brooks Albert Einstein
7%
Stan Laurel Arthur Jefferson
7%
Diane Keaton Diane Hall
7%
Rip Torn Elmore Torn, Jr.
7%
Joaquin Phoenix Joaquin Bottom
7%
Natalie Portman Neta-Lee Hershlag
7%
Olivia Wilde Olivia Cockburn
7%
Simon Pegg Simon Beckingham
7%
Winona Ryder Winona Horowitz
7%
Andrew Lincoln Andrew Clutterbuck
0%
Audrey Hepburn Audrey Ruston
0%
Brie Larson Brianne Desaulniers
0%
Brittany Murphy Brittany Bertolotti
0%
Jean-Claude Van Damme Jean-Claude Van Varenberg
0%
Antonio Banderas José Bandera
0%
Kal Penn Kalpen Modi
0%
Kevin Spacey Kevin Fowler
0%
Ben Kingsley Krishna Bhanji
0%
Patrick Magee Patrick McGee
0%
Ice-T Tracy Marrow
0%
Yvonne Strahovski Yvonne Strzechowski
0%
No matching quizzes found
Score Distribution
Percent of People with Each Score
Percentile by Number Answered
Your Score History
You have not taken this quiz